000 00681nam a22002297a 4500
003 UA-OsUOA
001 88228
007 ta
008 20121002b un ||||| |||| 00| 0 ukr d
100 _aМарр Н. Я.
090 _a82.09(479.22)
_bМ25
942 _cBK
040 _aUA-OsUOA
_brus
_cUA-OsUOA
_dUA-OsUOA
245 _aВопросы Вепхисткаосани и Висрамиани
_cРед. Мегрелидзе И. В.
300 _a292 с.
955 _a1
041 _arus
080 _a82.09(479.22)
260 _aТбилиси
_bМецинереба
_c1966
650 7 _a82 Література. Літературознавство
_2UDC
999 _c374685
_d374685